احدث الاكتشافات الأثرية فى اليمن : معبد المساجد ببلاد مراد

محفوظ في:

المؤلف الرئيسي: أحمد فخرى.

التنسيق: كتاب

اللغة: Undetermined

منشور في: Al-Qāhirah matabie jaridat alsabah 1961

الوسوم: إضافة وسم

لا توجد وسوم, كن أول من يضع وسما على هذه التسجيلة!

رقم الطلب: E80 FAKA

LEADER 00654nam a2200133Ia 4500
008 240404s9999||||xx |||||||||||||| ||und||
050 4 |a E80 FAKA 
100 1 |a أحمد فخرى. 
245 1 0 |a احدث الاكتشافات الأثرية فى اليمن : معبد المساجد ببلاد مراد  |c أحمد فخرى 
264 1 |a Al-Qāhirah  |b matabie jaridat alsabah  |c 1961 
300 |a 10,4  |c 24 
500 |a مستخرج من كتاب المؤتمر الثالث للآثار في البلاد العربية المنعقد فى مدينة فاس في المدة من ۸ - ۱۸ نوفمبر (تشرين الثاني ) ١٩٥٩  
942 |2 lcc  |c BK 
999 |c 58146  |d 58146